Duck and Moose : DUCK MOVES IN

Bibliographic Details
Main Author: Reedstrom,Kirk
Other Authors: Buchanan,Phil (Cover designer)
Format: Book
Language:English
Published: New York : Disney 2024
Series:Duck and moose
Subjects:

MARC

LEADER 00000cam a2200000 7i4500
001 0000153172
005 20240905.0
008 240814t20242024nyua x f eng
020 |a 9781368097277 
040 |a PERPUSTAM   |b eng   |c PERPUSTAM   |e rda 
041 |a eng 
090 0 0 |a J 741.53   |b REE 
100 1 |a Reedstrom,Kirk 
245 1 0 |a Duck and Moose :   |b DUCK MOVES IN   |c Kirk Reedstrom 
264 1 |a New York :   |b Disney   |c 2024 
264 4 |c ©2024 
300 |a [unpaged] :   |b colour illustrations ;   |c 24 cm. 
336 |a text  |2 rdacontent 
337 |a unmediated  |2 rdamedia 
338 |a volume  |2 rdacarrier 
490 1 |a Duck and Moose 
650 1 0 |a Friendship 
650 2 0 |a Animals   |x Duck 
650 2 0 |a Animals   |x Moose 
650 2 0 |a Children's stories 
700 1 |a Buchanan,Phil ,   |e Cover Designer 
830 0 |a Duck and moose 
999 |a 0000807465   |b Buku   |c Koleksi Pinjaman Kanak-Kanak   |e Perbadanan Perpustakaan Awam Melaka 
999 |a 0000807466   |b Buku   |c Koleksi Pinjaman Kanak-Kanak   |e Perpustakaan Cawangan Jasin 
999 |a 0000807467   |b Buku   |c Koleksi Pinjaman Kanak-Kanak   |e Perbadanan Perpustakaan Awam Melaka 
999 |a 0000807468   |b Buku   |c Koleksi Pinjaman Kanak-Kanak   |e Perpustakaan Cawangan Masjid Tanah 
999 |a 0000807469   |b Buku   |c Koleksi Pinjaman Kanak-Kanak   |e Perpustakaan Cawangan Merlimau